000 00222 a2200085 4500
020 _a9780874208689
100 _aADRIENNE SCHMITZ
245 _aREAL ESTATE MARKET ANALYSIS: A CASE STUDY APPROACH
260 _bURBAN LAND INSTITUTE
999 _c13097
_d13097